000 00843nam a2200217 a 4500
001 010549
003 BD-ChCU
008 Ben
020 _a৯৮৪৮২২৯০৫১
040 _aDLC
_cDLC
_dBD-ChCU
082 0 0 _a১৯০/রাসে৫৮পা
100 1 _aরাসেল, বাট্রান্ড
_b-
245 1 0 _aপাশ্চাত্য দর্শনের ইতিহাস (প্রাচীন ও ক্যাথলিক দর্শন
_bনির্বাচিত অংশ
250 _a***
260 _aঢাকা
_bনিউ এজ পাব
_c১৯৯১
300 _a**
504 _aনির্ঘন্ট সম্বলিত Biblio-
650 0 _aদর্শন, পাশ্চাত্য
_bদর্শন, পাশ্চাত্য
700 1 _a-
942 _2ddc
_cBK
999 _c10549
_d10549